| 000 | 01292cam a2200169 4500500 | ||
|---|---|---|---|
| 005 | 20260405085840.0 | ||
| 041 | _afre | ||
| 042 | _adc | ||
| 100 | 1 | 0 |
_aTribou, Gary _eauthor |
| 700 | 1 | 0 |
_aDermit-Richard, Nadine _eauthor |
| 700 | 1 | 0 |
_aDermit, Nadine _eauthor |
| 700 | 1 | 0 |
_aWojak, Candice _eauthor |
| 245 | 0 | 0 | _aManagement du sport : Marketing et gestion des clubs sportifs |
| 260 |
_bDunod,
_c2018. |
||
| 520 | _aCette 5e édition du Management du sport vise à souligner la spécificité managériale du secteur sportif. En effet, la pluralité de ses acteurs – clubs amateurs et professionnels, fédérations et administrations publiques, sociétés commerciales – conduit à une utilisation différenciée des outils de gestion. Cette nouvelle édition, à jour des dernières réglementations et de l’actualité sportive, fait le tour complet du management des clubs : • l’analyse marketing et la stratégie des clubs, notamment en matière d’innovation sportive • le mix de communication et la politique de sponsoring • la gestion des ressources humaines associant salariés et bénévoles • l’analyse financière et le contrôle de gestion | ||
| 856 | 4 | 1 | _uhttps://shs.cairn.info/management-du-sport--9782100774869?lang=fr&redirect-ssocas=7080 |
| 999 |
_c2200878 _d2200878 |
||